000 00473nam a2200169 i 4500
001 bg
100 1 _aDryja, Maksymilian.
245 0 _aPrzegląd metod i algorytmów numerycznych.
_nCz. 2 /
_cM. Dryja, J. i M. Jankowscy.
250 _aWyd.2 popr.
260 _aWarszawa,
_c1988.
700 1 _aJankowska, Janina
_c(informatyk).
700 1 _aJankowski, Michał
_d(1947- ).
040 _cBPK
041 _apol
942 _cKS
008 s pl f |000 0 pol
999 _c28679
_d28679
856 _uhttp://koha.tu.koszalin.pl/cgi-bin/koha/opac-detail.pl?biblionumber=28679
_yKatalog online BPK